000 00534nam a2200193Ia 4500
003 GCL
008 140319s9999 xx 000 0 ara d
040 _aGCL /
_cGCL
082 0 4 _a272.1
_bى و
100 1 _aيوسف رياض
245 1 0 _aوحى الكتاب المقدس /
_cيوسف رياض
250 _aثالثة
300 _a335 ص ؛
_c24 سم
650 0 4 _aالعهد الجديد
650 0 4 _aالانجيل
650 0 4 _aالكتب السماوية
650 0 4 _aالانجيل - تعليقات
942 _2ddc
_cBK
999 _c4946
_d4946